Perimeter, area, and volume : (Record no. 4082)

MARC details
000 -LEADER
fixed length control field 01535cam a2200385 a 4500
001 - CONTROL NUMBER
control field 4082
003 - CONTROL NUMBER IDENTIFIER
control field FISKH
005 - DATE AND TIME OF LATEST TRANSACTION
control field 20240606074641.0
008 - FIXED-LENGTH DATA ELEMENTS--GENERAL INFORMATION
fixed length control field 101220s2012 nyua j 000 0 eng
010 ## - LIBRARY OF CONGRESS CONTROL NUMBER
LC control number 2010048653
020 ## - INTERNATIONAL STANDARD BOOK NUMBER
International Standard Book Number 9780823422906 (hbk.)
020 ## - INTERNATIONAL STANDARD BOOK NUMBER
International Standard Book Number 9780545480888
020 ## - INTERNATIONAL STANDARD BOOK NUMBER
International Standard Book Number 0823422909 (hbk.)
035 ## - SYSTEM CONTROL NUMBER
System control number (OCoLC)ocn694172092
040 ## - CATALOGING SOURCE
Original cataloging agency DLC
Transcribing agency DLC
Modifying agency IG#
-- BDX
-- IK2
-- YDXCP
-- BTCTA
-- PCX
-- FT6
-- XYZ
-- VP@
-- DLC
Language of cataloging eng
042 ## - AUTHENTICATION CODE
Authentication code lcac
050 00 - LIBRARY OF CONGRESS CALL NUMBER
Classification number QC90.6
Item number .A35 2012
082 00 - DEWEY DECIMAL CLASSIFICATION NUMBER
Classification number 516/.15
Edition number 22
100 1# - MAIN ENTRY--PERSONAL NAME
Personal name Adler, David A.
245 10 - TITLE STATEMENT
Title Perimeter, area, and volume :
Remainder of title a monster book of dimensions /
Statement of responsibility, etc. by David A. Adler ; illustrated by Edward Miller.
260 ## - PUBLICATION, DISTRIBUTION, ETC.
Place of publication, distribution, etc. New York :
Name of publisher, distributor, etc. Scholastic,
Date of publication, distribution, etc. 2012.
300 ## - PHYSICAL DESCRIPTION
Extent 32 unnumbered pages :
Other physical details color illustrations ;
Dimensions 26 cm
505 ## - FORMATTED CONTENTS NOTE
Formatted contents note N<br/>
520 ## - SUMMARY, ETC.
Summary, etc. "Grab your jumbo popcorn and 3-D glasses, because you're invited to the premiere of a 3-D movie! The star-studded cast of monsters will help you calculate the perimeter of the set, the area of the movie screen, and the volume of your popcorn box. Learning about dimensions has never been so entertaining."--Amazon.com.
521 8# - TARGET AUDIENCE NOTE
Target audience note 590<br/>
Source Lexile<br/>
521 8# - TARGET AUDIENCE NOTE
Target audience note N<br/>
Source Raz-Plus<br/>
650 #0 - SUBJECT ADDED ENTRY--TOPICAL TERM
Topical term or geographic name entry element Weights and measures
Form subdivision Juvenile literature.
650 #0 - SUBJECT ADDED ENTRY--TOPICAL TERM
Topical term or geographic name entry element Dimensions
Form subdivision Juvenile literature.
650 #1 - SUBJECT ADDED ENTRY--TOPICAL TERM
Topical term or geographic name entry element Weights and measures.
650 #1 - SUBJECT ADDED ENTRY--TOPICAL TERM
Topical term or geographic name entry element Dimensions.
700 1# - ADDED ENTRY--PERSONAL NAME
Personal name Miller, Edward,
Dates associated with a name 1964-
Relator term illustrator
906 ## - LOCAL DATA ELEMENT F, LDF (RLIN)
a 7
b cbc
c orignew
d 1
e ecip
f 20
g y-gencatlg
942 ## - ADDED ENTRY ELEMENTS (KOHA)
Source of classification or shelving scheme Dewey Decimal Classification
Koha item type Books
Suppress in OPAC No
Holdings
Withdrawn status Lost status Source of classification or shelving scheme Damaged status Not for loan Collection Home library Current library Shelving location Date acquired Total Checkouts Full call number Barcode Date last seen Date last checked out Price effective from Koha item type
    Dewey Decimal Classification     Juvenile Fiction Footprints International School Library Network Toul Kork Campus Footprints International School Library Network Toul Kork Campus TK Primary Library Room(4th Floor), Bookcase 3&4, Shelves 17-32, Yellow Books 06/06/2024 1 ADL 516.15 QC90.A35 FISBK06253 07/19/2024 07/09/2024 06/06/2024 Books